000 00421nam a2200181Ia 4500
001 409
005 20260306140515.0
008 260306t2009||||xx |||||||||||||| ||spa||
041 _aESP
082 _a110
_bV27
100 _aValverde Mucientes, Carlos
_eAUT
245 0 _aPrelecciones de metafĂ­sica fundamental
260 _c2009
300 _a
_c20 cm.
650 _aGEN
654 _aCHU
942 _cLIB
_dJUS
_fJUS
_2ddc
_n
999 _c409
_d409